<?xml version="1.0" encoding="UTF-8"?>
<record
    xmlns:xsi="http://www.w3.org/2001/XMLSchema-instance"
    xsi:schemaLocation="http://www.loc.gov/MARC21/slim http://www.loc.gov/standards/marcxml/schema/MARC21slim.xsd"
    xmlns="http://www.loc.gov/MARC21/slim">

  <leader>00753nam a22001817a 4500</leader>
  <controlfield tag="003">NUST-PNEC</controlfield>
  <controlfield tag="005">20170116180716.0</controlfield>
  <controlfield tag="008">141018b        xxu||||| |||| 00| 0 eng d</controlfield>
  <datafield tag="020" ind1=" " ind2=" ">
    <subfield code="a">8182741637</subfield>
  </datafield>
  <datafield tag="040" ind1=" " ind2=" ">
    <subfield code="c">PNEC</subfield>
  </datafield>
  <datafield tag="082" ind1=" " ind2=" ">
    <subfield code="a">510.3 CHR</subfield>
  </datafield>
  <datafield tag="100" ind1=" " ind2=" ">
    <subfield code="9">689</subfield>
    <subfield code="a">Christopher Mont</subfield>
  </datafield>
  <datafield tag="245" ind1=" " ind2=" ">
    <subfield code="a">Encyclopaedic dictionary of mathematics</subfield>
    <subfield code="c">Mont Christopher</subfield>
  </datafield>
  <datafield tag="260" ind1=" " ind2=" ">
    <subfield code="a">New Delhi : </subfield>
    <subfield code="b">Pentagon press, </subfield>
    <subfield code="c">c.2004.</subfield>
  </datafield>
  <datafield tag="300" ind1=" " ind2=" ">
    <subfield code="a">200 p. :</subfield>
    <subfield code="b"> jaquette ill. en coul. ; </subfield>
    <subfield code="c">23 cm.</subfield>
  </datafield>
  <datafield tag="500" ind1=" " ind2=" ">
    <subfield code="a">https://www.worldcat.org/title/encyclopaedic-dictionary-of-mathematics/oclc/494055419&amp;referer=brief_results  http://www.amazon.com/Encyclopaedic-Dictionaries-Mathematics/dp/8182741637/ref=sr_1_1?s=books&amp;ie=UTF8&amp;qid=1413628915&amp;sr=1-1&amp;keywords=8182741637</subfield>
  </datafield>
  <datafield tag="942" ind1=" " ind2=" ">
    <subfield code="2">ddc</subfield>
    <subfield code="c">BK</subfield>
  </datafield>
  <datafield tag="999" ind1=" " ind2=" ">
    <subfield code="c">61156</subfield>
    <subfield code="d">61156</subfield>
  </datafield>
  <datafield tag="952" ind1=" " ind2=" ">
    <subfield code="0">0</subfield>
    <subfield code="1">0</subfield>
    <subfield code="2">ddc</subfield>
    <subfield code="4">0</subfield>
    <subfield code="7">0</subfield>
    <subfield code="a">PNEC</subfield>
    <subfield code="b">PNEC</subfield>
    <subfield code="c">REF</subfield>
    <subfield code="d">2005-06-17</subfield>
    <subfield code="e">Vangaurd Books</subfield>
    <subfield code="g">620.00</subfield>
    <subfield code="l">0</subfield>
    <subfield code="o">510.3 CHR</subfield>
    <subfield code="p">PNECLIB-026839</subfield>
    <subfield code="r">2014-10-18</subfield>
    <subfield code="v">620.00</subfield>
    <subfield code="w">2005-06-17</subfield>
    <subfield code="y">BK</subfield>
  </datafield>
</record>
